| 000 | 01263cab a2200313 4500 | ||
|---|---|---|---|
| 001 | WB3513-65 | ||
| 008 | 090401t1999 xxu||||| |||| 00| 0 eng d | ||
| 035 | _a(Sirsi) u92600 | ||
| 041 | _aeng | ||
| 245 | _aNo change on rating for prescribed industries | ||
| 260 | _c1999 | ||
| 350 | _a0 | ||
| 490 |
_aDETR News Release _v(351) 31 March 1999 (2) |
||
| 520 | _aIndustries which currently have their rateable values prescribed by government will continue to do so. These are: electricity generators, the National Grid, Regional Electricity companies, British Gas Transco, Railtrack, London Underground, the water companies and large docks & harbours. The Valuation Office Agency (VOA) and the Scottish Assessor's Association have decided that although conventional assessment would be feasible, the results would be far from clear. | ||
| 650 | _aBRITISH GAS | ||
| 650 | _aDOCKS | ||
| 650 | _aELECTRICITY GENERATORS | ||
| 650 | _aHARBOURS | ||
| 650 | _aLONDON UNDERGROUND | ||
| 650 | _aNATIONAL GRID | ||
| 650 | _aPRESCRIBED ASSESSMENT | ||
| 650 | _aRAILTRACK | ||
| 650 | _aRATEABLE VALUES | ||
| 650 | _aREGIONAL ELECTRICITY COMPANIES | ||
| 650 | _aWATER COMPANIES | ||
| 690 | _aRATING AND VALUATION | ||
| 942 | _n0 | ||
| 948 | _c07/04/1999 | ||
| 999 |
_c58686 _d58686 |
||